000 00707nam a2200241Ia 4500
003 0100
008 130303s9999 xx 000 0 und d
020 _a0415165024
040 _cARRUPELIB
050 _aB63.P6 1999
245 _aPopper's open society after fifty years
245 _bthe continuing relevance of Karl Popper
260 _aLondon
260 _bRoutledge
260 _C1999
300 _ax
300 _b 217p. 24cm.
650 _bNational liberation movements - Zimbabwe - Congresses
650 _cGuerrillas - Zimbabwe - Congresses
650 _dZimbabwe - History - Chimurenga War, 1966-1980 - Congresses
700 _aJarvie, Ian and Pralong, Sandra (ed.)
942 0 0 _02
999 _c13787
_d13787